000 00722nam a2200241Ia 4500
003 OSt
005 20240416160828.0
008 210210b1993 xxu||||| |||| 00| 0 eng d
040 _cAL
041 _aHindi
082 _a866/6
100 _aSUKLA (Krishna Shanker)
_dकृष्णा शंकर शुक्ल
_9160844
245 _aAdhunik hindi sahitya ka ithihas
_b आधुनिक हिंदी साहित्य का इतिहास
260 _aBanaras
_b-
_c1993
650 _asAhitya
_9160845
650 _aka
_9160846
650 _aithihAs
_9160847
650 _ahindi
_9160848
650 _aAdhunik
_9160849
690 _aHindi Criticism
_9160850
906 _a023717
942 _2ddc
_cBK
999 _c148683
_d148683